| 000 | 01047nam a2200265 i 4500 | ||
|---|---|---|---|
| 001 | 25365 | ||
| 003 | ES-MaACL | ||
| 005 | 20250806085359.0 | ||
| 008 | 170509s1911 sp a |||| | spa d | ||
| 100 | 1 |
_aPayr, E. _9162481 |
|
| 245 | 1 | 0 |
_aCirugía _b: accidentes del trabajo, medicina pericial y forense / _cpor los profesores E. Payr, M. Borchardt, C. Thiem ; traducción directa del alemán por Gonzalo Gª Rodríguez. |
| 260 |
_aMadrid : _bSaturnino Calleja Fernández, _c1911. |
||
| 300 |
_a120 p. : _bil. ; _c24 cm. |
||
| 490 | 1 |
_aAnuario de ciencias médicas. Segunda serie ; _v12 |
|
| 504 | _aBibliografías. | ||
| 650 | 0 | 7 |
_aCirugía _2embne _911050 |
| 650 | 0 | 7 |
_aMedicina del trabajo _2embne _914922 |
| 650 | 0 | 4 |
_aApendicitis. _99917 |
| 700 | 1 |
_aBorchardt, M. _9162483 |
|
| 700 | 1 |
_aThiem, C. _9162574 |
|
| 700 | 0 |
_aGarcía Rodríguez, Gonzalo. _955198 |
|
| 830 | 0 |
_aAnuario de ciencias médicas. Segunda serie ; _v12 _9180969 |
|
| 852 |
_aES-MaACL _jB-11066(6) _z- Encuadernado con otras obras |
||
| 999 |
_c25365 _d25365 |
||